000 00738nam a2200205 a 4500
003 0
005 20250424095025.0
008 050808s19uu xx 00 eng d
050 _aPHS GV 967
_b.H36 2005
100 _aHandog, Gerie Leen Ingco.
245 _aThe Relationship between profession and playing golf /
_cGerie Leen Ingco Handog.
260 _aLas PiƱas City, Philippines :
_bSouthville International School and Colleges,
_c2005.
300 _a25 pages ;
_c28 cm.
504 _aIncludes bibliographical references.
650 _aGolf
_xSocial aspects.
650 _2Library of Congress Subject Headings
_aRecreation
_xProfessionals.
650 _aProfessional employees
_xRecreation.
942 _2lcc
_cPASS
999 _c97236
_d97236